Представление документа в формате RUSMARC

ПолеНазваниеЗначение
  Тип записи a
  Библиографический уровень m
001 Контрольный номер RU/REG73/CBS_GRAD2/669904430
005 Дата корректировки 20221122154914.8
010 Индекс ISBN __
a ISBN 5-235-000365-9
101 Язык документа __
a Язык текста rus
200 Заглавие и сведения об ответственности __
a Заглавие Богдан Хмельницкий
f Первые сведения об ответственности Владимир Александрович Замлинский
b Общее обозначение материала Текст
203 Вид содержания и тип средства __
a Вид содержания Текст (визуальный) : непосредственный
210 Выходные данные __
a Место издания Москва
c Издательство "Молодая гвардия"
d Дата издания 1989
215 Физическое описание __
a Объем 336 с., ил.
225 Серия __
a Серия Жизнь замечательных людей. Серия биографий. Выпуск 9.
686 Индексы других классификаций __
a Классификационный индекс 63.3(2)46
700 Автор __
a Фамилия Замлинский
g Полное личное имя Владимир Александрович
801 Источник записи _0
a Страна RU
b Организация RuCBSGrad
g Правила каталогизации PSBO
801 Источник записи _1
a Страна RU
b Организация RuCBSGrad
g Правила каталогизации PSBO
901 Тип документа __
t Тип документа m
981 __
b i
g e
2 isbdcontent
982 __
b n
2 isbdmedia
993 __
a 61334
b 34654
e 117309
f ЦГБ
h 1.60
i 117309
m 1
n 44278
o I
p 1.60
x 1
y 6
z 63.3(2)
993 __
a 61335
b 34654
e 72085
f ЦГБ
h 1.60
i 72085
m 1
n 44278
o I
p 1.60
x 1
y 6
z 63.3(2)
993 __
a 61342
b 34654
e 265131
f ЦГБ
h 0.00
i 265131
m 1
n 44278
o I
p 0.00
x 1
y 6
z 63.3(2)